Книга 1. Актриса; Иго любви

Bibliografske podrobnosti
Parent link:Иго любви: Роман в двух книгах/ А. А. Вербицкая. Книга 1. Актриса.— , 1993-
Jezik:ruščina
Izdano: 1993
Teme:
Format: Knjiga
KOHA link:https://koha.lib.tpu.ru/cgi-bin/koha/opac-detail.pl?biblionumber=112505

MARC

LEADER 00000nam2a2200000 4500
001 112505
005 20231031121452.0
010 |a 5852301868 
035 |a (RuTPU)RU\TPU\book\121648 
090 |a 112505 
100 |a 20070329d1993 m y0rusy50 ca 
101 0 |a rus 
102 |a RU 
105 |a y z 000ay 
200 0 |a Книга 1. Актриса 
210 |d 1993 
215 |a 243 с. 
461 1 |0 (RuTPU)RU\TPU\book\121646  |t Иго любви  |o Роман в двух книгах  |f А. А. Вербицкая  |v Книга 1. Актриса  |d 1993-  |s Русская любовь 
610 1 |a любовные романы 
610 1 |a женские романы 
610 1 |a 19 век 
610 1 |a Россия 
610 1 |a актеры 
610 1 |a театр 
801 1 |a RU  |b 63413507  |c 20070329  |g PSBO 
801 2 |a RU  |b 63413507  |c 20070329  |g PSBO 
942 |c BK